| 000 | 00535nam a2200145 4500 | ||
|---|---|---|---|
| 999 |
_c16233 _d16233 |
||
| 008 | 210818b ||||| |||| 00| 0 eng d | ||
| 022 | _a0732-8435 | ||
| 082 | _aDPer 657.05 C33 Apr - Sept 2016, v86 n4-9 | ||
| 100 |
_aHolland, Stephen E. _943518 |
||
| 245 |
_aMaking the grade: _bfive tips for school district audits/ _cStephen E. Holland. |
||
| 260 |
_aNew York: _bThe New York State Society of CPA, _c2016. |
||
| 300 |
_av86 n4, pages 12-13: _billustration; _c28 cm. |
||
| 650 |
_aAuditing _xSchool district. _943519 |
||
| 942 |
_2ddc _cPER |
||